<?xml version="1.0" encoding="UTF-8"?>
<collection xmlns="http://www.loc.gov/MARC21/slim">
 <record>
  <leader>03547nam a22005415i 4500</leader>
  <controlfield tag="001">978-3-319-01976-5</controlfield>
  <controlfield tag="003">DE-He213</controlfield>
  <controlfield tag="005">20210629194104.0</controlfield>
  <controlfield tag="007">cr nn 008mamaa</controlfield>
  <controlfield tag="008">131119s2014    gw |    s    |||| 0|eng d</controlfield>
  <datafield tag="020" ind1=" " ind2=" ">
   <subfield code="a">9783319019765</subfield>
   <subfield code="9">978-3-319-01976-5</subfield>
  </datafield>
  <datafield tag="024" ind1="7" ind2=" ">
   <subfield code="a">10.1007/978-3-319-01976-5</subfield>
   <subfield code="2">doi</subfield>
  </datafield>
  <datafield tag="050" ind1=" " ind2="4">
   <subfield code="a">HF1021-1027</subfield>
  </datafield>
  <datafield tag="072" ind1=" " ind2="7">
   <subfield code="a">RGCM</subfield>
   <subfield code="2">bicssc</subfield>
  </datafield>
  <datafield tag="072" ind1=" " ind2="7">
   <subfield code="a">SCI030000</subfield>
   <subfield code="2">bisacsh</subfield>
  </datafield>
  <datafield tag="072" ind1=" " ind2="7">
   <subfield code="a">RGCM</subfield>
   <subfield code="2">thema</subfield>
  </datafield>
  <datafield tag="082" ind1="0" ind2="4">
   <subfield code="a">330.9</subfield>
   <subfield code="2">23</subfield>
  </datafield>
  <datafield tag="100" ind1="1" ind2=" ">
   <subfield code="a">He, Jinliao.</subfield>
   <subfield code="e">author.</subfield>
   <subfield code="4">aut</subfield>
   <subfield code="4">http://id.loc.gov/vocabulary/relators/aut</subfield>
  </datafield>
  <datafield tag="245" ind1="1" ind2="0">
   <subfield code="a">Creative Industry Districts</subfield>
   <subfield code="h">[electronic resource] :</subfield>
   <subfield code="b">An Analysis of Dynamics, Networks and Implications on Creative Clusters in Shanghai /</subfield>
   <subfield code="c">by Jinliao He.</subfield>
  </datafield>
  <datafield tag="250" ind1=" " ind2=" ">
   <subfield code="a">1st ed. 2014.</subfield>
  </datafield>
  <datafield tag="264" ind1=" " ind2="1">
   <subfield code="a">Cham :</subfield>
   <subfield code="b">Springer International Publishing :</subfield>
   <subfield code="b">Imprint: Springer,</subfield>
   <subfield code="c">2014.</subfield>
  </datafield>
  <datafield tag="300" ind1=" " ind2=" ">
   <subfield code="a">XIII, 197 p. 75 illus., 50 illus. in color.</subfield>
   <subfield code="b">online resource.</subfield>
  </datafield>
  <datafield tag="336" ind1=" " ind2=" ">
   <subfield code="a">text</subfield>
   <subfield code="b">txt</subfield>
   <subfield code="2">rdacontent</subfield>
  </datafield>
  <datafield tag="337" ind1=" " ind2=" ">
   <subfield code="a">computer</subfield>
   <subfield code="b">c</subfield>
   <subfield code="2">rdamedia</subfield>
  </datafield>
  <datafield tag="338" ind1=" " ind2=" ">
   <subfield code="a">online resource</subfield>
   <subfield code="b">cr</subfield>
   <subfield code="2">rdacarrier</subfield>
  </datafield>
  <datafield tag="347" ind1=" " ind2=" ">
   <subfield code="a">text file</subfield>
   <subfield code="b">PDF</subfield>
   <subfield code="2">rda</subfield>
  </datafield>
  <datafield tag="490" ind1="1" ind2=" ">
   <subfield code="a">Advances in Asian Human-Environmental Research,</subfield>
   <subfield code="x">1879-7180</subfield>
  </datafield>
  <datafield tag="505" ind1="0" ind2=" ">
   <subfield code="a">Introduction -- From the New Economy to Creative City -- Characterizing Shanghai’s Creative Industries and Districts -- Dynamics in Clustering of Creative Industries in Shanghai -- Network Analysis of Creative Clusters in Shanghai -- Impacts of Creative Industry Districts in Shanghai -- Discussion and Conclusions.</subfield>
  </datafield>
  <datafield tag="520" ind1=" " ind2=" ">
   <subfield code="a">This book provides insight into creative industries and spaces in Shanghai, which is the fastest growing megacity in China and center of modern economic development on a global scale. Underpinned by new approaches from economic geography and urban studies, it deals with the new relations between the creative economy and urban environment in Shanghai. At the point of transition in economy and society, China is recently striving to transform its economy from “made in China” towards “created in China”.  Since the late 1990s, there have been broad discussions concerning the rapid rise of the creative economy. Creative or cultural industry is seen as the new engine of the regional growth for both developed economies and emerging nations. Over the last decade, creative clusters have been rapidly emerging in particular locations in the central city of Shanghai. This spatial phenomenon is explained in the book through an analysis of dynamics, networks and implications.</subfield>
  </datafield>
  <datafield tag="650" ind1=" " ind2="0">
   <subfield code="a">Economic geography.</subfield>
  </datafield>
  <datafield tag="650" ind1=" " ind2="0">
   <subfield code="a">Regional economics.</subfield>
  </datafield>
  <datafield tag="650" ind1=" " ind2="0">
   <subfield code="a">Spatial economics.</subfield>
  </datafield>
  <datafield tag="650" ind1=" " ind2="0">
   <subfield code="a">Regional planning.</subfield>
  </datafield>
  <datafield tag="650" ind1=" " ind2="0">
   <subfield code="a">Urban planning.</subfield>
  </datafield>
  <datafield tag="650" ind1="1" ind2="4">
   <subfield code="a">Economic Geography.</subfield>
   <subfield code="0">https://scigraph.springernature.com/ontologies/product-market-codes/J12000</subfield>
  </datafield>
  <datafield tag="650" ind1="2" ind2="4">
   <subfield code="a">Regional/Spatial Science.</subfield>
   <subfield code="0">https://scigraph.springernature.com/ontologies/product-market-codes/W49000</subfield>
  </datafield>
  <datafield tag="650" ind1="2" ind2="4">
   <subfield code="a">Landscape/Regional and Urban Planning.</subfield>
   <subfield code="0">https://scigraph.springernature.com/ontologies/product-market-codes/J15000</subfield>
  </datafield>
  <datafield tag="710" ind1="2" ind2=" ">
   <subfield code="a">SpringerLink (Online service)</subfield>
  </datafield>
  <datafield tag="773" ind1="0" ind2=" ">
   <subfield code="t">Springer Nature eBook</subfield>
  </datafield>
  <datafield tag="776" ind1="0" ind2="8">
   <subfield code="i">Printed edition:</subfield>
   <subfield code="z">9783319019772</subfield>
  </datafield>
  <datafield tag="776" ind1="0" ind2="8">
   <subfield code="i">Printed edition:</subfield>
   <subfield code="z">9783319019758</subfield>
  </datafield>
  <datafield tag="776" ind1="0" ind2="8">
   <subfield code="i">Printed edition:</subfield>
   <subfield code="z">9783319378312</subfield>
  </datafield>
  <datafield tag="830" ind1=" " ind2="0">
   <subfield code="a">Advances in Asian Human-Environmental Research,</subfield>
   <subfield code="x">1879-7180</subfield>
  </datafield>
  <datafield tag="856" ind1="4" ind2="0">
   <subfield code="u">https://doi.org/10.1007/978-3-319-01976-5</subfield>
  </datafield>
  <datafield tag="912" ind1=" " ind2=" ">
   <subfield code="a">ZDB-2-EES</subfield>
  </datafield>
  <datafield tag="912" ind1=" " ind2=" ">
   <subfield code="a">ZDB-2-SXEE</subfield>
  </datafield>
  <datafield tag="950" ind1=" " ind2=" ">
   <subfield code="a">Earth and Environmental Science (SpringerNature-11646)</subfield>
  </datafield>
  <datafield tag="950" ind1=" " ind2=" ">
   <subfield code="a">Earth and Environmental Science (R0) (SpringerNature-43711)</subfield>
  </datafield>
 </record>
</collection>
